Complète le duo (Réel ou fictif) - Statistiques

Statistiques générales
  • Ce quiz a été pris 439 fois
  • Le résultat moyen est 16 sur 20
Statistiques - réponses
Hint Réponse % Correct
Boule et Bill
98%
Roméo et Juliette
98%
Mario et Luigi
98%
Bigflo et Oli
98%
Titi et Grosminet
97%
Tom et Jerry
97%
Dupond et Dupont
96%
Adam et Eve
94%
Lilo et Stitch
94%
Bip Bip et Coyote
89%
Pascal Bataille et Laurent Fontaine
86%
Laurel et Hardy
84%
Starsky et Hutch
84%
Castor et Pollux
72%
Thelma et Louise
71%
Arnold et Willy
58%
Peter et Sloane
55%
Shirley et Dino
54%
Emile et Images
52%
Stone et Charden
50%
Aucun quiz correspondant
Distribution des résultats
% des personnes avec chaque résultat
Percentile par nombre de réponses
Votre historique - résultats
Vous n’avez pas pris ce quiz